000 00942cam a2200313 a 4500
003 OSt
005 20240530110421.0
008 080529s2008 enkab 001 0 eng
016 7 _a014235293
_2Uk
020 _a9780521855921 (hbk.)
020 _a0521855926 (hbk.)
020 _a9780521671859 (pbk.)
020 _a052167185X (pbk.)
035 _a(OCoLC)ocn170955047
040 _aEG-CaGPL
_cEG-CaGPL
042 _aukblcatcopy
_alccopycat
043 _aa-is---
082 0 4 _221
_a956.94\
_bB I
245 0 0 _aIsrael since 1980 /
_cGuy Ben-Porat ... [et al].
260 _aCambridge :
_bCambridge University Press,
_c2008.
300 _ax, 190 p. :
_bill., maps. ;
_c23 cm.
490 _aThe world since 1980
500 _aIncludes index.
504 _aIncludes bibliographical references and index.
651 0 _aIsrael
_xHistory
_y1993-
651 0 _aIsrael
_xHistory
_y1967-1993.
700 1 _aBen-Porat, Guy.
942 _2ddc
_cBK
999 _c60649
_d60649